Pulmonary rehabilitation focusing on rehabilitative exercise
Saved in:
| Other Authors: | |
|---|---|
| Format: | Electronic |
| Language: | English |
| Published: |
London :
Henry Stewart Talks,
2012.
|
| Series: | Henry Stewart talks. Biomedical & life sciences collection. Advances in Chronic Obstructive Pulmonary Disease (COPD)
|
| Subjects: | |
| Tags: |
Add Tag
No Tags, Be the first to tag this record!
|
| LEADER | 01576ngm a22003135a 4500 | ||
|---|---|---|---|
| 001 | 014242549-4 | ||
| 005 | 20141204020309.0 | ||
| 006 | m|||||o||c|||||||| | ||
| 008 | 121016s2012 enk|||||||||||o|||v|eng d | ||
| 035 | |a (HSTalks)HST3137_1_2_20141204 | ||
| 040 | |a UKHST |c UKHST | ||
| 040 | |a HSTalks |b eng |c HSTalks | ||
| 100 | 1 | |a Casaburi, Richard. |4 spk | |
| 245 | 1 | 0 | |a Pulmonary rehabilitation focusing on rehabilitative exercise |h [electronic resource] / |c Richard Casaburi. |
| 260 | |a London : |b Henry Stewart Talks, |c 2012. | ||
| 300 | |a 1 streaming video file (27 min.) : |b digital, mono., SWF file, sd., col. | ||
| 490 | 1 | |a Advances in Chronic Obstructive Pulmonary Disease (COPD) : new mechanisms, management strategies and treatments | |
| 500 | |a Animated audio-visual presentation with synchronized narration. | ||
| 500 | |a Title from title frames. | ||
| 505 | 0 | |a Contents: Pulmonary Rehabilitation -- Historical perspective on pulmonary rehabilitation -- Current evidence-based guidelines for pulmonary rehabilitation -- Activity promotion as a novel goal for pulmonary rehabilitation. | |
| 650 | 0 | 0 | |a Exercise |x Health aspects. |
| 650 | 0 | 0 | |a Lungs |x Diseases |x Patients |x Rehabilitation. |
| 650 | 0 | 0 | |a Lungs |x Diseases, Obstructive |x Treatment. |
| 650 | 0 | 2 | |a Exercise |x physiology. |
| 650 | 0 | 2 | |a Lung Diseases, Obstructive |x rehabilitation. |
| 650 | 0 | 2 | |a Pulmonary Disease, Chronic Obstructive |x rehabilitation. |
| 830 | 0 | |a Henry Stewart talks. |p Biomedical & life sciences collection. |p Advances in Chronic Obstructive Pulmonary Disease (COPD) | |
| 988 | |a 20141204 | ||
| 906 | |0 OCLC | ||